000 00311nam a22001337a 4500
008 170315b xxu||||| |||| 00| 0 eng d
020 _a9780895826169
041 _aeng
080 _a591
100 _a7
101 _aSHM
245 _aAN INLLUSTRATED ATLAS OF THE SKELETAL MUSCLES
_cBOWDEN, B
942 _2udc
_cBK
999 _c7858
_d7858